000 00383nam a2200133Ia 4500
008 151001s9999||||xx |||||||||||||| ||und||
100 _aवा शि आपटे
245 _aचंद्र्गाडवरचे साहस
250 _a1
260 _bश्रीराम प्रकाशन पुणे
260 _c1979
300 _a64
365 _b17
999 _c971710
_d971707